000 00426nas a22001817i 4500
001 6587
003 OSt
005 20170216211009.0
007 tu
008 161220s xxu||||| |||| 00| 0 d
024 7 _a6587
_2RID
024 7 _a6587
_2RSN (alt)
040 _cOSt
245 0 0 _aKIEP List of Publications 1990 - 2004.7
260 _aSeoul :
_bKIEP.
110 2 _aKorea Institute For International Economic Policy
866 0 _u2004
942 _cP
999 _c6149
_d6149